[Event "Summer Prague Open 2022 - A"]
[Site "Olympik hotel, Sokolovska 138, Praha"]
[Date "2022.08.10"]
[Round "7"]
[Board "14"]
[White "Kovalskyi, Roman"]
[Black "Schmaltz, Roland"]
[Result "0-1"]
[WhiteElo "2133"]
[BlackElo "2470"]
[PlyCount "0"]
[EventDate "2022.08.05"]
[EventRounds "9"]
[EventCountry "CZE"]

1. e4 {[%clk 1:30:58]} d6 {[%clk 1:29:13]} 2. d4 {[%clk 1:31:11]} Nf6
{[%clk 1:29:21]} 3. Nc3 {[%clk 1:31:18]} e5 {[%clk 1:29:47]} 4. Nge2
{[%clk 1:31:04]} Nbd7 {[%clk 1:30:09]} 5. h3 {[%clk 1:30:50]} h5 {[%clk 1:28:42]}
6. Be3 {[%clk 1:30:25]} a6 {[%clk 1:28:59]} 7. a4 {[%clk 1:29:50]} b6
{[%clk 1:29:23]} 8. g3 {[%clk 1:29:09]} Bb7 {[%clk 1:29:46]} 9. Bg2
{[%clk 1:29:35]} Be7 {[%clk 1:28:07]} 10. O-O {[%clk 1:29:01]} O-O
{[%clk 1:28:23]} 11. Qd2 {[%clk 1:28:17]} Re8 {[%clk 1:28:03]} 12. d5
{[%clk 1:23:55]} c6 {[%clk 1:27:25]} 13. dxc6 {[%clk 1:20:49]} Bxc6
{[%clk 1:27:43]} 14. b4 {[%clk 1:21:11]} Bb7 {[%clk 1:25:19]} 15. Rac1
{[%clk 1:09:29]} Rc8 {[%clk 1:25:17]} 16. Qd3 {[%clk 1:04:35]} Qc7
{[%clk 1:25:36]} 17. Rfd1 {[%clk 1:03:32]} Qc4 {[%clk 1:25:34]} 18. b5
{[%clk 1:03:42]} a5 {[%clk 1:24:21]} 19. f3 {[%clk 0:56:33]} Rc7 {[%clk 1:17:53]}
20. Bf1 {[%clk 0:52:46]} Rec8 {[%clk 1:15:25]} 21. Kg2 {[%clk 0:51:38]} Qb4
{[%clk 1:11:56]} 22. Bd2 {[%clk 0:50:33]} Nc5 {[%clk 1:10:09]} 23. Qe3
{[%clk 0:49:39]} Nxa4 {[%clk 1:09:30]} 24. Nxa4 {[%clk 0:45:49]} Qxa4
{[%clk 1:09:54]} 25. Qxb6 {[%clk 0:45:57]} Nxe4 {[%clk 0:54:03]} 26. Ra1
{[%clk 0:30:58]} Qxa1 {[%clk 0:54:24]} 27. Rxa1 {[%clk 0:31:07]} Nxd2
{[%clk 0:54:48]} 28. Qxa5 {[%clk 0:19:42]} Rxc2 {[%clk 0:53:38]} 29. Ra2
{[%clk 0:17:37]} Bxf3+ {[%clk 0:47:18]} 30. Kf2 {[%clk 0:17:48]} d5
{[%clk 0:45:40]} 31. b6 {[%clk 0:09:54]} Bc5+ {[%clk 0:40:03]} 32. Ke1
{[%clk 0:10:10]} Rxa2 {[%clk 0:40:01]} 33. Qxa2 {[%clk 0:10:32]} Ne4
{[%clk 0:39:00]} 34. Qb3 {[%clk 0:08:21]} Bf2+ {[%clk 0:34:41]} 35. Kd1
{[%clk 0:08:42]} Rc3 {[%clk 0:30:20]} 36. Qb2 {[%clk 0:04:28]} Rd3+
{[%clk 0:30:10]} 37. Kc1 {[%clk 0:04:48]} Be3+ {[%clk 0:29:46]} 38. Kb1
{[%clk 0:05:10]} Rd1+ {[%clk 0:27:47]} 39. Nc1 {[%clk 0:03:41]} Bxc1
{[%clk 0:27:20]} 40. b7 {[%clk 0:00:40]} Bxb2+ {[%clk 0:25:36]} 41. Kxb2
{[%clk 0:29:22]} Rxf1 {[%clk 0:54:57]} 42. b8=Q+ {[%clk 0:29:47]} Kh7
{[%clk 0:55:16]} 43. Qxe5 {[%clk 0:30:00]} Nf6 {[%clk 0:53:14]} 44. Qf5+
{[%clk 0:27:13]} Kh6 {[%clk 0:53:28]} 45. Qf4+ {[%clk 0:27:27]} Kg6
{[%clk 0:53:48]} 46. h4 {[%clk 0:27:41]} Bg2 {[%clk 0:53:52]} 47. Qg5+
{[%clk 0:26:04]} Kh7 {[%clk 0:54:14]} 48. Qe5 {[%clk 0:26:04]} Be4
{[%clk 0:54:11]} 49. Kc3 {[%clk 0:25:09]} Rf3+ {[%clk 0:54:12]} 50. Kb4
{[%clk 0:24:29]} Bg6 {[%clk 0:54:24]} 51. Qd6 {[%clk 0:23:47]} Rd3
{[%clk 0:54:33]} 52. Qe5 {[%clk 0:23:51]} d4 {[%clk 0:54:46]} 53. Kc4
{[%clk 0:24:01]} Ng4 {[%clk 0:54:51]} 54. Qe2 {[%clk 0:23:26]} Re3
{[%clk 0:54:37]} 55. Qg2 {[%clk 0:23:38]} d3 {[%clk 0:54:57]} 56. Kc3
{[%clk 0:23:48]} Re2 {[%clk 0:55:09]} 57. Qf3 {[%clk 0:24:05]} Rc2+
{[%clk 0:55:20]} 58. Kd4 {[%clk 0:24:33]} d2 {[%clk 0:55:07]} 59. Qe2
{[%clk 0:23:58]} Nf2 {[%clk 0:55:21]} 60. Qd3 {[%clk 0:24:16]} Nxd3
{[%clk 0:55:37]}  0-1

[Event "Summer Prague Open 2022 - A"]
[Site "Olympik hotel, Sokolovska 138, Praha"]
[Date "2022.08.10"]
[Round "7"]
[Board "15"]
[White "Hajiyev, Kanan"]
[Black "Sorm, Daniel"]
[Result "1/2-1/2"]
[WhiteElo "2131"]
[BlackElo "2308"]
[PlyCount "0"]
[EventDate "2022.08.05"]
[EventRounds "9"]
[EventCountry "CZE"]

1. d4 {[%clk 1:27:34]} Nf6 {[%clk 1:30:17]} 2. Nf3 {[%clk 1:27:55]} d6
{[%clk 1:29:59]} 3. g3 {[%clk 1:27:38]} Nbd7 {[%clk 1:29:50]} 4. Bg2
{[%clk 1:27:53]} e5 {[%clk 1:29:42]} 5. c4 {[%clk 1:27:40]} c6 {[%clk 1:29:00]}
6. dxe5 {[%clk 1:20:50]} dxe5 {[%clk 1:29:04]} 7. O-O {[%clk 1:21:12]} Bc5
{[%clk 1:26:55]} 8. Nc3 {[%clk 1:16:45]} O-O {[%clk 1:22:06]} 9. Na4
{[%clk 1:15:16]} Be7 {[%clk 1:21:41]} 10. Qc2 {[%clk 1:08:27]} b6
{[%clk 1:15:55]} 11. Nh4 {[%clk 1:06:09]} Bb7 {[%clk 1:10:52]} 12. Nf5
{[%clk 1:05:44]} Re8 {[%clk 1:11:00]} 13. Rd1 {[%clk 1:01:11]} Qc7
{[%clk 1:10:35]} 14. Nxe7+ {[%clk 0:50:11]} Rxe7 {[%clk 1:10:36]} 15. Bg5
{[%clk 0:42:17]} h6 {[%clk 1:04:26]} 16. Bxf6 {[%clk 0:41:25]} Nxf6
{[%clk 1:04:51]} 17. c5 {[%clk 0:40:20]} e4 {[%clk 1:05:16]} 18. Rd4
{[%clk 0:37:01]} Qe5 {[%clk 0:58:31]} 19. e3 {[%clk 0:33:14]} b5 {[%clk 0:57:29]}
20. Nc3 {[%clk 0:33:37]} Qxc5 {[%clk 0:57:26]} 21. Rc1 {[%clk 0:31:50]} Rd7
{[%clk 0:35:57]} 22. Nxe4 {[%clk 0:26:57]} Qxc2 {[%clk 0:35:48]} 23. Nxf6+
{[%clk 0:27:03]} gxf6 {[%clk 0:36:12]} 24. Rxc2 {[%clk 0:27:19]} Rxd4
{[%clk 0:36:34]} 25. exd4 {[%clk 0:27:47]} Rc8 {[%clk 0:34:54]} 26. b4
{[%clk 0:26:33]} Rd8 {[%clk 0:28:35]} 27. Rd2 {[%clk 0:18:35]} a5
{[%clk 0:16:41]} 28. bxa5 {[%clk 0:17:44]} Ra8 {[%clk 0:17:04]} 29. Rc2
{[%clk 0:18:02]} Ra6 {[%clk 0:14:22]} 30. Rc5 {[%clk 0:16:21]} Rxa5
{[%clk 0:14:23]} 31. Bxc6 {[%clk 0:16:20]} Bxc6 {[%clk 0:14:47]} 32. Rxc6
{[%clk 0:16:46]} Rxa2 {[%clk 0:14:05]} 33. Rxf6 {[%clk 0:16:58]} Kg7
{[%clk 0:14:11]} 34. Rd6 {[%clk 0:14:35]} b4 {[%clk 0:06:08]} 35. Rb6
{[%clk 0:14:36]} Ra4 {[%clk 0:06:30]} 36. Kg2 {[%clk 0:10:11]} b3
{[%clk 0:06:55]} 37. d5 {[%clk 0:10:04]} Rd4 {[%clk 0:07:19]} 38. Rxb3
{[%clk 0:10:14]} Rxd5 {[%clk 0:07:44]} 39. Rb6 {[%clk 0:10:40]} Rd3
{[%clk 0:02:48]} 40. f4 {[%clk 0:06:47]} Rd2+ {[%clk 0:02:22]} 41. Kh3
{[%clk 0:07:16]} f5 {[%clk 0:15:58]} 42. Rb1 {[%clk 0:36:52]} Kg6
{[%clk 0:15:49]} 43. Rg1 {[%clk 0:36:07]} Kh5 {[%clk 0:11:19]} 44. Rg2
{[%clk 0:36:12]} Rd3 {[%clk 0:08:47]} 45. Re2 {[%clk 0:36:07]} Rb3
{[%clk 0:07:19]} 46. Re5 {[%clk 0:32:36]} Kg6 {[%clk 0:07:45]} 47. Kh4
{[%clk 0:33:00]} Rb2 {[%clk 0:04:56]} 48. h3 {[%clk 0:33:12]} Rh2
{[%clk 0:04:57]} 49. Re6+ {[%clk 0:33:17]} Kg7 {[%clk 0:05:20]} 50. Ra6
{[%clk 0:31:11]} Rh1 {[%clk 0:05:37]} 51. Rb6 {[%clk 0:30:26]} Rh2
{[%clk 0:06:03]} 52. g4 {[%clk 0:30:38]} fxg4 {[%clk 0:06:24]} 53. Kxg4
{[%clk 0:31:06]} Rg2+ {[%clk 0:04:40]} 54. Kf5 {[%clk 0:30:35]} h5
{[%clk 0:04:58]} 55. Rb7+ {[%clk 0:28:33]} Kh6 {[%clk 0:05:26]} 56. Rb3
{[%clk 0:28:53]} h4 {[%clk 0:05:00]} 57. Kf6 {[%clk 0:26:11]} Rg3
{[%clk 0:04:36]} 58. Rb8 {[%clk 0:26:35]} Kh7 {[%clk 0:05:02]} 59. f5
{[%clk 0:23:21]} Rxh3 {[%clk 0:05:16]} 60. Rb7+ {[%clk 0:19:59]} Kh6
{[%clk 0:05:42]} 61. Rb8 {[%clk 0:20:18]} Kh7 {[%clk 0:05:18]} 62. Kf7
{[%clk 0:19:18]} Rf3 {[%clk 0:05:04]} 63. f6 {[%clk 0:19:42]} h3 {[%clk 0:05:12]}
64. Rb4 {[%clk 0:19:40]} Kh6 {[%clk 0:05:36]} 65. Rb8 {[%clk 0:19:46]} Kg5
{[%clk 0:05:02]} 66. Rg8+ {[%clk 0:20:08]} Kh4 {[%clk 0:04:57]} 67. Ke7
{[%clk 0:20:01]} h2 {[%clk 0:04:50]} 68. f7 {[%clk 0:17:39]} Rxf7+
{[%clk 0:02:16]} 69. Kxf7 {[%clk 0:17:51]} Kh3 {[%clk 0:02:36]} 70. Rh8+
{[%clk 0:18:12]} Kg2 {[%clk 0:02:59]} 71. Rxh2+ {[%clk 0:18:39]} Kxh2  1/2-1/2

[Event "Summer Prague Open 2022 - A"]
[Site "Olympik hotel, Sokolovska 138, Praha"]
[Date "2022.08.10"]
[Round "7"]
[Board "16"]
[White "Parligras, Cosmin"]
[Black "Kristiansen, Willy M"]
[Result "1-0"]
[WhiteElo "2277"]
[BlackElo "2121"]
[PlyCount "0"]
[EventDate "2022.08.05"]
[EventRounds "9"]
[EventCountry "CZE"]

1. Nf3 {[%clk 1:26:55]} d5 {[%clk 1:30:50]} 2. c4 {[%clk 1:26:57]} e6
{[%clk 1:31:09]} 3. g3 {[%clk 1:27:22]} c5 {[%clk 1:31:00]} 4. cxd5
{[%clk 1:27:08]} exd5 {[%clk 1:31:23]} 5. d4 {[%clk 1:27:32]} Nc6
{[%clk 1:31:17]} 6. Bg2 {[%clk 1:27:55]} Nf6 {[%clk 1:31:39]} 7. O-O
{[%clk 1:28:11]} Be7 {[%clk 1:32:03]} 8. b3 {[%clk 1:27:40]} O-O {[%clk 1:32:16]}
9. dxc5 {[%clk 1:27:39]} Bxc5 {[%clk 1:32:16]} 10. Bb2 {[%clk 1:27:39]} Re8
{[%clk 1:30:15]} 11. Nc3 {[%clk 1:27:55]} Bg4 {[%clk 1:28:46]} 12. Rc1
{[%clk 1:28:17]} Bf8 {[%clk 1:28:22]} 13. h3 {[%clk 1:28:31]} Bh5
{[%clk 1:22:51]} 14. e3 {[%clk 1:28:34]} Qa5 {[%clk 1:19:32]} 15. a3
{[%clk 1:28:11]} Ne4 {[%clk 1:13:32]} 16. b4 {[%clk 1:25:55]} Nxb4
{[%clk 1:01:43]} 17. axb4 {[%clk 1:24:23]} Qxb4 {[%clk 0:57:34]} 18. Ba1
{[%clk 1:18:33]} Rad8 {[%clk 0:54:08]} 19. g4 {[%clk 1:16:11]} Bg6
{[%clk 0:54:07]} 20. Qd4 {[%clk 1:10:09]} Qa5 {[%clk 0:51:26]} 21. Qa4
{[%clk 1:09:42]} Qxa4 {[%clk 0:49:39]} 22. Nxa4 {[%clk 1:10:06]} b5
{[%clk 0:49:54]} 23. Nc3 {[%clk 1:10:27]} Nxc3 {[%clk 0:49:31]} 24. Bxc3
{[%clk 1:07:57]} b4 {[%clk 0:49:44]} 25. Bd4 {[%clk 1:07:17]} b3 {[%clk 0:45:26]}
26. Ne5 {[%clk 0:58:01]} Bc2 {[%clk 0:34:51]} 27. Nc6 {[%clk 0:54:43]} Rd7
{[%clk 0:32:02]} 28. Ra1 {[%clk 0:34:51]} g5 {[%clk 0:19:35]} 29. Ne5
{[%clk 0:28:49]} Rde7 {[%clk 0:04:36]} 30. Nc6 {[%clk 0:21:14]} Rc7
{[%clk 0:04:37]} 31. Nxa7 {[%clk 0:15:58]} Bg7 {[%clk 0:03:39]} 32. Nb5
{[%clk 0:15:41]} Rd7 {[%clk 0:00:55]} 33. Bxg7 {[%clk 0:14:27]} Kxg7
{[%clk 0:01:18]} 34. Nd4 {[%clk 0:14:52]} Bd3 {[%clk 0:00:54]} 35. Nxb3
{[%clk 0:15:06]} Bxf1 {[%clk 0:01:16]} 36. Kxf1 {[%clk 0:14:54]} Rb8
{[%clk 0:01:25]} 37. Nd4 {[%clk 0:15:14]} f6 {[%clk 0:01:30]} 38. Bf3
{[%clk 0:14:58]} Rb2 {[%clk 0:01:46]} 39. Ra5 {[%clk 0:14:58]} h5
{[%clk 0:01:36]} 40. gxh5 {[%clk 0:14:40]} Rbb7 {[%clk 0:01:05]} 41. Bxd5
{[%clk 0:11:13]} Ra7 {[%clk 0:00:42]} 42. Rc5 {[%clk 0:11:12]}  1-0

[Event "Summer Prague Open 2022 - A"]
[Site "Olympik hotel, Sokolovska 138, Praha"]
[Date "2022.08.10"]
[Round "7"]
[Board "17"]
[White "Kowalec, Maciej"]
[Black "Slampa, Jan"]
[Result "0-1"]
[WhiteElo "2104"]
[BlackElo "2250"]
[PlyCount "0"]
[EventDate "2022.08.05"]
[EventRounds "9"]
[EventCountry "CZE"]

1. d4 {[%clk 1:30:58]} d5 {[%clk 1:30:50]} 2. c4 {[%clk 1:31:21]} c6
{[%clk 1:31:15]} 3. Nc3 {[%clk 1:31:39]} a6 {[%clk 1:31:08]} 4. e3
{[%clk 1:30:17]} Nf6 {[%clk 1:31:25]} 5. Nf3 {[%clk 1:30:24]} b5 {[%clk 1:30:35]}
6. b3 {[%clk 1:30:10]} Bg4 {[%clk 1:30:55]} 7. h3 {[%clk 1:27:41]} Bxf3
{[%clk 1:15:34]} 8. Qxf3 {[%clk 1:28:02]} e5 {[%clk 1:15:58]} 9. dxe5
{[%clk 1:23:06]} Bb4 {[%clk 1:16:25]} 10. Bd2 {[%clk 1:21:48]} Bxc3
{[%clk 1:13:51]} 11. Bxc3 {[%clk 1:22:06]} Ne4 {[%clk 1:14:18]} 12. Bd2
{[%clk 1:12:46]} Nxd2 {[%clk 1:14:03]} 13. Kxd2 {[%clk 1:13:08]} dxc4+
{[%clk 1:14:22]} 14. Kc2 {[%clk 1:12:44]} O-O {[%clk 1:13:31]} 15. Be2
{[%clk 0:38:56]} a5 {[%clk 1:09:45]} 16. Rhd1 {[%clk 0:37:41]} Qe7
{[%clk 1:09:55]} 17. Qf5 {[%clk 0:36:22]} Na6 {[%clk 1:09:04]} 18. Rd6
{[%clk 0:28:28]} Nb4+ {[%clk 1:05:25]} 19. Kb2 {[%clk 0:28:33]} cxb3
{[%clk 1:02:52]} 20. axb3 {[%clk 0:28:42]} a4 {[%clk 1:02:42]} 21. bxa4
{[%clk 0:23:10]} bxa4 {[%clk 1:02:07]} 22. Ra3 {[%clk 0:17:42]} Nd5
{[%clk 0:58:35]} 23. Kc1 {[%clk 0:15:32]} Rab8 {[%clk 0:56:36]} 24. Bc4
{[%clk 0:09:57]} g6 {[%clk 0:55:09]} 25. Qe4 {[%clk 0:09:12]} Rb4
{[%clk 0:53:54]} 26. f4 {[%clk 0:08:49]} Qh4 {[%clk 0:52:17]} 27. Kd1
{[%clk 0:07:06]} Rfb8 {[%clk 0:52:34]} 28. Bxd5 {[%clk 0:05:23]} Rxe4
{[%clk 0:49:47]} 29. Bxe4 {[%clk 0:05:51]} Qf2 {[%clk 0:50:02]} 30. Rxa4
{[%clk 0:02:55]} Qf1+ {[%clk 0:49:48]} 31. Kc2 {[%clk 0:02:54]} Qb1+
{[%clk 0:50:00]} 32. Kd2 {[%clk 0:03:11]} Rb2+ {[%clk 0:50:14]} 33. Kc3
{[%clk 0:03:32]} Qc1+ {[%clk 0:50:32]} 34. Kd4 {[%clk 0:03:55]} Qd1+
{[%clk 0:50:52]} 35. Kc3 {[%clk 0:03:37]} Qb3+ {[%clk 0:51:20]}  0-1

[Event "Summer Prague Open 2022 - A"]
[Site "Olympik hotel, Sokolovska 138, Praha"]
[Date "2022.08.10"]
[Round "7"]
[Board "18"]
[White "Jordanov, Mihail"]
[Black "Polster, Christian"]
[Result "0-1"]
[WhiteElo "2094"]
[BlackElo "2236"]
[PlyCount "0"]
[EventDate "2022.08.05"]
[EventRounds "9"]
[EventCountry "CZE"]

1. e4 {[%clk 1:30:56]} c5 {[%clk 1:30:57]} 2. Nf3 {[%clk 1:31:19]} Nc6
{[%clk 1:31:22]} 3. d4 {[%clk 1:31:38]} cxd4 {[%clk 1:31:47]} 4. Nxd4
{[%clk 1:32:02]} Nf6 {[%clk 1:32:13]} 5. Nc3 {[%clk 1:32:20]} e5 {[%clk 1:32:35]}
6. Ndb5 {[%clk 1:32:37]} d6 {[%clk 1:32:55]} 7. Nd5 {[%clk 1:32:53]} Nxd5
{[%clk 1:33:17]} 8. exd5 {[%clk 1:33:18]} Nb8 {[%clk 1:33:39]} 9. a4
{[%clk 1:33:43]} Be7 {[%clk 1:32:48]} 10. Be2 {[%clk 1:34:06]} O-O
{[%clk 1:32:28]} 11. O-O {[%clk 1:34:30]} f5 {[%clk 1:29:33]} 12. f4
{[%clk 1:30:44]} Nd7 {[%clk 1:14:01]} 13. Be3 {[%clk 1:12:39]} a6
{[%clk 1:12:58]} 14. Na3 {[%clk 1:08:43]} exf4 {[%clk 1:05:36]} 15. Rxf4
{[%clk 0:59:25]} Bg5 {[%clk 0:58:23]} 16. Nc4 {[%clk 0:59:28]} Re8
{[%clk 0:30:44]} 17. Qd2 {[%clk 0:36:48]} Ne5 {[%clk 0:25:22]} 18. Ra3
{[%clk 0:22:50]} Bxf4 {[%clk 0:21:05]} 19. Bxf4 {[%clk 0:23:12]} Nxc4
{[%clk 0:21:08]} 20. Bxc4 {[%clk 0:23:28]} Qb6+ {[%clk 0:19:58]} 21. Kf1
{[%clk 0:23:02]} Qxb2 {[%clk 0:18:07]} 22. Bxd6 {[%clk 0:23:15]} Qb1+
{[%clk 0:18:24]} 23. Kf2 {[%clk 0:22:20]} Qb6+ {[%clk 0:16:36]} 24. Re3
{[%clk 0:22:45]} Re4 {[%clk 0:12:47]} 25. Ba3 {[%clk 0:12:12]} f4
{[%clk 0:12:38]} 26. d6+ {[%clk 0:12:12]} Be6 {[%clk 0:12:47]}  0-1

[Event "Summer Prague Open 2022 - A"]
[Site "Olympik hotel, Sokolovska 138, Praha"]
[Date "2022.08.10"]
[Round "7"]
[Board "19"]
[White "Philipp, Mathias"]
[Black "Dahl, Trygve"]
[Result "1-0"]
[WhiteElo "2092"]
[BlackElo "2230"]
[PlyCount "0"]
[EventDate "2022.08.05"]
[EventRounds "9"]
[EventCountry "CZE"]

1. e4 {[%clk 1:30:58]} c5 {[%clk 1:30:54]} 2. Nf3 {[%clk 1:31:24]} e6
{[%clk 1:31:19]} 3. d4 {[%clk 1:31:51]} cxd4 {[%clk 1:31:42]} 4. Nxd4
{[%clk 1:32:19]} a6 {[%clk 1:32:04]} 5. c4 {[%clk 1:32:36]} Nf6 {[%clk 1:31:54]}
6. Nc3 {[%clk 1:32:53]} Qc7 {[%clk 1:32:20]} 7. a3 {[%clk 1:32:53]} b6
{[%clk 1:32:06]} 8. f3 {[%clk 1:32:24]} Bb7 {[%clk 1:32:21]} 9. Be3
{[%clk 1:32:48]} d6 {[%clk 1:22:20]} 10. Be2 {[%clk 1:31:18]} Be7
{[%clk 1:22:36]} 11. g4 {[%clk 1:31:21]} Nfd7 {[%clk 1:17:34]} 12. h4
{[%clk 1:27:21]} O-O {[%clk 1:13:01]} 13. Rc1 {[%clk 1:24:56]} Re8
{[%clk 1:09:48]} 14. g5 {[%clk 1:18:50]} g6 {[%clk 1:01:37]} 15. Kd2
{[%clk 1:14:55]} Qd8 {[%clk 0:56:26]} 16. Qg1 {[%clk 1:13:29]} d5
{[%clk 0:55:12]} 17. cxd5 {[%clk 1:09:38]} exd5 {[%clk 0:55:34]} 18. exd5
{[%clk 1:07:08]} Nf8 {[%clk 0:45:51]} 19. h5 {[%clk 1:01:45]} b5 {[%clk 0:45:13]}
20. Bd3 {[%clk 0:57:40]} Nbd7 {[%clk 0:28:54]} 21. hxg6 {[%clk 0:56:40]} fxg6
{[%clk 0:28:58]} 22. Qh2 {[%clk 0:52:07]} Bxg5 {[%clk 0:26:07]} 23. f4
{[%clk 0:52:11]} Bf6 {[%clk 0:23:08]} 24. Ne6 {[%clk 0:43:19]} Rxe6
{[%clk 0:18:45]} 25. dxe6 {[%clk 0:43:08]} Bxh1 {[%clk 0:19:08]} 26. Rxh1
{[%clk 0:42:43]} Nb6 {[%clk 0:19:30]} 27. Bc5 {[%clk 0:40:38]} Be7
{[%clk 0:15:59]} 28. Bxe7 {[%clk 0:38:21]} Qxe7 {[%clk 0:16:18]} 29. f5
{[%clk 0:38:32]} Rd8 {[%clk 0:15:38]} 30. Kc2 {[%clk 0:37:19]} Nd5
{[%clk 0:12:51]} 31. fxg6 {[%clk 0:29:21]} Ne3+ {[%clk 0:12:37]} 32. Kb1
{[%clk 0:29:39]} Rxd3 {[%clk 0:09:50]} 33. gxh7+ {[%clk 0:30:01]} Nxh7
{[%clk 0:09:22]} 34. Qxh7+ {[%clk 0:27:45]} Qxh7 {[%clk 0:09:44]} 35. Rxh7
{[%clk 0:28:11]} Nc4 {[%clk 0:05:16]} 36. Rd7 {[%clk 0:25:19]} Re3
{[%clk 0:04:05]} 37. e7 {[%clk 0:25:03]} Re6 {[%clk 0:01:54]} 38. Nd5
{[%clk 0:24:52]} Kf7 {[%clk 0:02:13]} 39. Rd8 {[%clk 0:19:00]} Nd6
{[%clk 0:02:21]} 40. Rf8+ {[%clk 0:18:11]} Kg7 {[%clk 0:02:47]} 41. Ra8
{[%clk 0:17:49]} Re5 {[%clk 0:27:27]} 42. Rxa6 {[%clk 0:47:26]} Ne8
{[%clk 0:27:51]} 43. Nc3 {[%clk 0:45:18]} b4 {[%clk 0:27:28]} 44. axb4
{[%clk 0:44:57]} Kf7 {[%clk 0:26:34]} 45. Kc2 {[%clk 0:38:58]} Kxe7
{[%clk 0:26:52]} 46. Kb3 {[%clk 0:37:50]} Kd7 {[%clk 0:26:53]} 47. Ka4
{[%clk 0:37:40]} Nc7 {[%clk 0:26:31]} 48. Rh6 {[%clk 0:37:49]} Kc8
{[%clk 0:25:35]} 49. Rb6 {[%clk 0:37:03]} Na8 {[%clk 0:25:03]} 50. Rb5
{[%clk 0:36:35]} Re1 {[%clk 0:24:04]} 51. Rh5 {[%clk 0:34:36]} Re7
{[%clk 0:23:38]} 52. Nd5 {[%clk 0:34:17]} Ra7+ {[%clk 0:22:35]} 53. Kb5
{[%clk 0:33:06]} Rg7 {[%clk 0:22:48]} 54. Ka6 {[%clk 0:27:21]} Nc7+
{[%clk 0:17:36]} 55. Nxc7 {[%clk 0:27:30]} Kxc7 {[%clk 0:18:04]} 56. b5
{[%clk 0:25:42]} Rg8 {[%clk 0:13:35]} 57. Ka7 {[%clk 0:25:15]} Rg7
{[%clk 0:13:51]} 58. b4 {[%clk 0:23:58]} Rg1 {[%clk 0:13:04]} 59. b6+
{[%clk 0:24:10]}  1-0

[Event "Summer Prague Open 2022 - A"]
[Site "Olympik hotel, Sokolovska 138, Praha"]
[Date "2022.08.10"]
[Round "7"]
[Board "20"]
[White "Bruchmann, Stephan"]
[Black "Sidletskyi, Ivan"]
[Result "1/2-1/2"]
[WhiteElo "2227"]
[BlackElo "2075"]
[PlyCount "0"]
[EventDate "2022.08.05"]
[EventRounds "9"]
[EventCountry "CZE"]

1. e4 {[%clk 1:29:41]} e6 {[%clk 1:30:00]} 2. d4 {[%clk 1:30:04]} d5
{[%clk 1:30:16]} 3. Bd3 {[%clk 1:29:48]} c5 {[%clk 1:29:06]} 4. exd5
{[%clk 1:30:10]} exd5 {[%clk 1:29:06]} 5. Nf3 {[%clk 1:30:32]} Nf6
{[%clk 1:27:22]} 6. O-O {[%clk 1:30:06]} c4 {[%clk 1:26:14]} 7. Be2
{[%clk 1:30:23]} Bd6 {[%clk 1:22:03]} 8. b3 {[%clk 1:30:47]} cxb3
{[%clk 1:22:03]} 9. axb3 {[%clk 1:31:10]} O-O {[%clk 1:20:50]} 10. c4
{[%clk 1:31:21]} h6 {[%clk 1:14:19]} 11. Nc3 {[%clk 1:29:25]} Nc6
{[%clk 1:11:16]} 12. h3 {[%clk 1:13:18]} b6 {[%clk 1:01:56]} 13. Be3
{[%clk 1:12:06]} Bb7 {[%clk 1:00:04]} 14. c5 {[%clk 1:08:03]} Be7
{[%clk 0:59:18]} 15. Ra4 {[%clk 1:07:22]} a5 {[%clk 0:53:47]} 16. Ra1
{[%clk 1:03:25]} Ne4 {[%clk 0:48:46]} 17. Rc1 {[%clk 1:00:30]} Nb4
{[%clk 0:47:07]} 18. Na4 {[%clk 0:58:28]} bxc5 {[%clk 0:46:57]} 19. Nxc5
{[%clk 0:58:06]} Bxc5 {[%clk 0:44:47]} 20. dxc5 {[%clk 0:55:30]} Na2
{[%clk 0:43:39]} 21. Qd4 {[%clk 0:33:17]} Nxc1 {[%clk 0:43:48]} 22. Rxc1
{[%clk 0:33:45]} Ba6 {[%clk 0:40:59]} 23. Bd1 {[%clk 0:34:05]} Qf6
{[%clk 0:35:09]} 24. Ne5 {[%clk 0:31:59]} Rfe8 {[%clk 0:33:10]} 25. f4
{[%clk 0:32:14]} Ng3 {[%clk 0:27:34]} 26. Qxd5 {[%clk 0:28:38]} Nf5
{[%clk 0:16:08]} 27. Bf2 {[%clk 0:23:56]} Ne7 {[%clk 0:15:54]} 28. Qf3
{[%clk 0:16:55]} Ng6 {[%clk 0:15:05]} 29. Bg3 {[%clk 0:16:34]} Rac8
{[%clk 0:14:34]} 30. c6 {[%clk 0:12:26]} Nxe5 {[%clk 0:09:54]} 31. fxe5
{[%clk 0:12:45]} Qd8 {[%clk 0:08:22]} 32. Qe3 {[%clk 0:10:25]} Bb5
{[%clk 0:03:29]} 33. Bf3 {[%clk 0:08:36]} Re6 {[%clk 0:03:39]} 34. Rd1
{[%clk 0:05:28]}  1/2-1/2